书目信息 |
| 题名: |
鲁迅全集
|
|
| 作者: | 鲁迅 著 | |
| 分册: | 第八卷 中国小说史略 汉文学史纲要 | |
| 出版信息: | 北京 人民文学出版社 1957 |
|
| 页数: | 353页 | |
| 开本: | 20cm | |
| 丛书名: | ||
| 单 册: | ||
| 中图分类: | I210.1 | |
| 科图分类: | ||
| 主题词: | 文学--作品集--中国 | |
| 电子资源: | ||
| ISBN: | ||
| 000 | 00601nam0 2200193 45 | |
| 001 | 0181013697 | |
| 005 | 20070727164803.28 | |
| 010 | @b精装@dCNY1.60 | |
| 100 | @a20810111d1957 km y0chiy0120 ea | |
| 101 | 0 | @achi |
| 200 | 1 | @a鲁迅全集@ALu Xun Quan Ji@h第八卷@i中国小说史略 汉文学史纲要@f鲁迅著 |
| 210 | @a北京@c人民文学出版社@d1957 | |
| 215 | @a353页@c照片@d20cm | |
| 517 | @a中国小说史略 汉文学史纲要@Azhong guo xiao shuo shi lue han wen xue shi gang yao | |
| 606 | 0 | @a文学@x作品集@x中国 |
| 690 | @aI210.1@v3 | |
| 701 | 0 | @a鲁迅@4著 |
| 801 | @aCN@bTSTC@c20070727 | |
| 905 | @dI210.1@f1@b227839@e263:8 | |
| 鲁迅全集.第八卷.中国小说史略 汉文学史纲要/鲁迅著.-北京:人民文学出版社,1957 |
| 353页:照片;20cm |
| ISBN (精装):CNY1.60 |
| ● |
| 相关链接 |
|
|
|
|
正题名:鲁迅全集
索取号:I210.1/263:8
 
预约/预借
| 序号 | 登录号 | 条形码 | 馆藏地/架位号 | 状态 | 备注 |
| 1 | 0785360 | 207853606 | 第二借阅区/ [索取号:I210.1/263:8] | 在馆 |